[Event "RUS-ch Rapid Men 2018"]
[Site "Sochi"]
[Date "2018.10.05"]
[Round "1"]
[White "Demchenko, Anton"]
[Black "Semenkov, Alexander"]
[Result "1-0"]
[WhiteElo "2675"]
[BlackElo "2127"]
[Annotator "TA"]
[PlyCount "25"]
[EventDate "2018.10.05"]
[EventType "swiss"]
[EventCountry "RUS"]
[SourceTitle "playchess.com"]
[Source "ChessBase"]
[SourceQuality "1"]

{[%evp 1,1,25]} 1. d4 {Vorgänger:} d5 $146 2. Nf3 Nd7 3. c4 dxc4 4. Nc3 a6 5. a4 Rb8 6. e4 b5 7. axb5 axb5 8. d5 Nc5 9. Ne5 Bd7 10. Be3 Nb3 11. Ra7 Nf6 12. Nxc4 bxc4 13. Bxc4 {½-½ (23) Giri,A (2782)-Mamedyarov,S (2801) chess.com INT 2018} 1-0

[Event "RUS-ch Rapid Men 2018"]
[Site "Sochi"]
[Date "2018.10.05"]
[Round "1"]
[White "Morozevich, Alexander"]
[Black "Cherenkov, Andrey"]
[Result "1/2-1/2"]
[WhiteElo "2656"]
[BlackElo "2226"]
[Annotator "ChessBase"]
[PlyCount "95"]
[EventDate "2018.10.05"]
[EventType "swiss"]
[EventCountry "RUS"]
[SourceTitle "playchess.com"]
[Source "ChessBase"]
[SourceQuality "1"]
[TimeControl "900+10"]

1. e4 {[%emt 0:00:00]} c6 {[%emt 0:00:00]} 2. d4 {[%emt 0:00:07]} d5 {[%emt 0:00:00]} 3. e5 {[%emt 0:00:01]} Bf5 {[%emt 0:00:00]} 4. h4 {[%emt 0:00:21]} h6 {[%emt 0:00:01]} 5. g4 {[%emt 0:00:06]} Bd7 {[%emt 0:00:03]} 6. Be3 {[%emt 0:00:03]} e6 {[%emt 0:00:13]} 7. Nf3 {[%emt 0:01:00]} Qb6 {[%emt 0:00:17]} 8. c4 {[%emt 0:00:58]} Qxb2 {[%emt 0:00:50]} 9. Nbd2 {[%emt 0:00:02]} Bb4 {[%emt 0:00:34]} 10. Rb1 {[%emt 0:00:05]} Qa3 {[%emt 0:00:10]} 11. Rb3 {[%emt 0:01:04]} Qa5 {[%emt 0:00:09]} 12. Qb1 {[%emt 0:01:24]} Na6 {[%emt 0:00:22]} 13. c5 {[%emt 0:05:14]} Bc8 {[%emt 0:05:06]} 14. a3 {[%emt 0:01:33]} Bxa3 {[%emt 0:00:57]} 15. Bxa6 {[%emt 0:01:20]} Qxa6 {[%emt 0:00:46]} 16. Qa1 {[%emt 0:01:05]} Bb4 {[%emt 0:00:13]} 17. Qxa6 {[%emt 0:00:01]} Bxd2+ {[%emt 0:00:02]} 18. Bxd2 {[%emt 0:00:19]} bxa6 {[%emt 0:00:02]} 19. h5 {[%emt 0:00:01]} a5 {[%emt 0:01:04]} 20. Bxa5 {[%emt 0:00:01]} Ba6 {[%emt 0:00:01]} 21. Kd2 {[%emt 0:00:01]} Bb5 {[%emt 0:00:50]} 22. Ra1 {[%emt 0:00:00]} Kd7 {[%emt 0:00:52]} 23. Nh4 {[%emt 0:02:07]} Ne7 {[%emt 0:00:39]} 24. f4 {[%emt 0:00:01]} Rhb8 {[%emt 0:00:14]} 25. f5 {[%emt 0:00:19]} Bc4 {[%emt 0:01:08]} 26. Rxb8 {[%emt 0:00:02]} Rxb8 {[%emt 0:00:00]} 27. Bc3 {[%emt 0:00:00]} a6 {[%emt 0:00:09]} 28. Re1 {[%emt 0:00:55]} Rb3 {[%emt 0:00:33]} 29. Re3 {[%emt 0:00:16]} Rb1 {[%emt 0:00:54]} 30. f6 {[%emt 0:00:26]} gxf6 {[%emt 0:00:07]} 31. exf6 {[%emt 0:00:01]} Ng8 {[%emt 0:00:30]} 32. Rf3 {[%emt 0:00:01]} Rf1 {[%emt 0:00:09]} 33. Rxf1 {[%emt 0:00:09]} Bxf1 {[%emt 0:00:01]} 34. Nf3 {[%emt 0:00:06]} Nxf6 {[%emt 0:01:15]} 35. Ne5+ {[%emt 0:00:00]} Ke8 {[%emt 0:00:32]} 36. Ke1 {[%emt 0:00:02]} Bh3 {[%emt 0:00:15]} 37. g5 {[%emt 0:00:01]} hxg5 {[%emt 0:00:01]} 38. h6 {[%emt 0:00:00]} Bf5 {[%emt 0:00:21]} 39. Nxc6 {[%emt 0:00:01]} Ng8 {[%emt 0:00:09]} 40. Na7 {[%emt 0:00:14]} Nxh6 {[%emt 0:00:24]} 41. c6 {[%emt 0:00:01]} f6 {[%emt 0:01:07]} 42. c7 {[%emt 0:00:08]} e5 {[%emt 0:00:01]} 43. dxe5 {[%emt 0:00:01]} fxe5 {[%emt 0:00:09]} 44. Bxe5 {[%emt 0:00:00]} Nf7 {[%emt 0:00:13]} 45. Bg3 {[%emt 0:00:08]} a5 {[%emt 0:00:14]} 46. Kd2 {[%emt 0:00:09]} d4 {[%emt 0:00:02]} 47. c8=Q+ {[%emt 0:01:47]} Bxc8 {[%emt 0:00:01]} 48. Nxc8 {[%emt 0:00:01]} 1/2-1/2

[Event "RUS-ch Rapid Men 2018"]
[Site "Sochi"]
[Date "2018.10.05"]
[Round "1"]
[White "Sjugirov, Sanan"]
[Black "Remizov, Yaroslav"]
[Result "1-0"]
[WhiteElo "2654"]
[BlackElo "2315"]
[Annotator "ChessBase"]
[PlyCount "51"]
[EventDate "2018.10.05"]
[EventType "swiss"]
[EventCountry "RUS"]
[SourceTitle "playchess.com"]
[Source "ChessBase"]
[SourceQuality "1"]
[TimeControl "900+10"]

1. Nf3 {[%emt 0:00:00]} d5 {[%emt 0:00:00]} 2. e3 {[%emt 0:00:18]} Nf6 {[%emt 0:00:31]} 3. c4 {[%emt 0:00:05]} c6 {[%emt 0:00:35]} 4. d4 {[%emt 0:00:08]} e6 {[%emt 0:00:10]} 5. Bd3 {[%emt 0:00:24]} Nbd7 {[%emt 0:00:06]} 6. b3 {[%emt 0:00:50]} b6 {[%emt 0:01:08]} 7. O-O {[%emt 0:00:13]} Be7 {[%emt 0:00:33]} 8. Bb2 {[%emt 0:00:28]} Bb7 {[%emt 0:00:03]} 9. Nbd2 {[%emt 0:00:10]} O-O {[%emt 0:00:03]} 10. Qe2 {[%emt 0:00:37]} c5 {[%emt 0:01:34]} 11. Rfd1 {[%emt 0:00:23]} Rc8 {[%emt 0:00:44]} 12. Rac1 {[%emt 0:00:31]} cxd4 {[%emt 0:00:17]} 13. Nxd4 {[%emt 0:00:51]} Nc5 {[%emt 0:00:07]} 14. Bc2 {[%emt 0:02:05]} dxc4 {[%emt 0:01:01]} 15. Nxc4 {[%emt 0:00:08]} Qd5 {[%emt 0:00:03]} 16. f3 {[%emt 0:00:48]} Qh5 {[%emt 0:00:01]} 17. b4 {[%emt 0:01:47]} Ncd7 {[%emt 0:07:20]} 18. a3 {[%emt 0:00:08]} Nd5 {[%emt 0:01:04]} 19. Bb3 {[%emt 0:01:32]} Bg5 {[%emt 0:01:06]} 20. f4 {[%emt 0:01:41]} Qxe2 {[%emt 0:00:01]} 21. Nxe2 {[%emt 0:00:02]} Bf6 {[%emt 0:00:01]} 22. Bxf6 {[%emt 0:01:20]} N7xf6 {[%emt 0:00:06]} 23. Nd6 {[%emt 0:00:09]} Nxe3 {[%emt 0:00:59]} 24. Nxc8 {[%emt 0:01:43]} Nxd1 {[%emt 0:00:19]} 25. Ne7+ {[%emt 0:00:06]} Kh8 {[%emt 0:00:01]} 26. Bxd1 {[%emt 0:00:09]} 1-0

[Event "RUS-ch Rapid Men 2018"]
[Site "Sochi"]
[Date "2018.10.05"]
[Round "1"]
[White "Rakhmanov, Aleksandr"]
[Black "Tsvetkov, Andrey"]
[Result "1-0"]
[WhiteElo "2647"]
[BlackElo "2264"]
[Annotator "ChessBase"]
[PlyCount "73"]
[EventDate "2018.10.05"]
[EventType "swiss"]
[EventCountry "RUS"]
[SourceTitle "playchess.com"]
[Source "ChessBase"]
[SourceQuality "1"]
[TimeControl "900+10"]

1. c4 {[%emt 0:00:00]} c6 {[%emt 0:00:00]} 2. d4 {[%emt 0:00:00]} d5 {[%emt 0:00:00]} 3. cxd5 {[%emt 0:00:00]} cxd5 {[%emt 0:00:00]} 4. Bf4 {[%emt 0:00:00]} Nc6 {[%emt 0:00:00]} 5. e3 {[%emt 0:00:00]} Nf6 {[%emt 0:00:00]} 6. Nc3 {[%emt 0:00:01]} a6 {[%emt 0:00:08]} 7. Be2 {[%emt 0:00:08]} Bf5 {[%emt 0:00:03]} 8. Nf3 {[%emt 0:00:03]} e6 {[%emt 0:00:01]} 9. Qb3 {[%emt 0:01:45]} Bb4 {[%emt 0:02:25]} 10. Ne5 {[%emt 0:00:22]} Qe7 {[%emt 0:02:01]} 11. Nxc6 {[%emt 0:00:22]} bxc6 {[%emt 0:00:03]} 12. O-O {[%emt 0:00:46]} O-O {[%emt 0:00:10]} 13. Rfc1 {[%emt 0:03:13]} Bd6 {[%emt 0:03:45]} 14. Bxd6 {[%emt 0:00:51]} Qxd6 {[%emt 0:00:02]} 15. Na4 {[%emt 0:00:11]} Nd7 {[%emt 0:00:45]} 16. Nc5 {[%emt 0:02:07]} e5 {[%emt 0:00:18]} 17. Nxa6 {[%emt 0:00:41]} exd4 {[%emt 0:01:43]} 18. exd4 {[%emt 0:00:03]} Rfe8 {[%emt 0:00:02]} 19. Bf1 {[%emt 0:00:08]} Re4 {[%emt 0:01:27]} 20. Qc3 {[%emt 0:00:08]} Rh4 {[%emt 0:00:59]} 21. g3 {[%emt 0:02:19]} Rh6 {[%emt 0:00:01]} 22. Nb4 {[%emt 0:00:03]} Re8 {[%emt 0:00:37]} 23. Nxc6 {[%emt 0:01:43]} Be4 {[%emt 0:00:03]} 24. f3 {[%emt 0:00:19]} Bf5 {[%emt 0:00:31]} 25. Qd2 {[%emt 0:01:26]} Rg6 {[%emt 0:00:16]} 26. Rc3 {[%emt 0:00:50]} h5 {[%emt 0:00:24]} 27. Kf2 {[%emt 0:00:43]} h4 {[%emt 0:00:53]} 28. Qf4 {[%emt 0:00:01]} hxg3+ {[%emt 0:00:01]} 29. hxg3 {[%emt 0:00:01]} Qf6 {[%emt 0:00:24]} 30. Re1 {[%emt 0:00:36]} Rxe1 {[%emt 0:01:27]} 31. Kxe1 {[%emt 0:00:01]} Qe6+ {[%emt 0:00:01]} 32. Kd2 {[%emt 0:00:15]} Rf6 {[%emt 0:00:12]} 33. Qe3 {[%emt 0:00:47]} Qd6 34. Ne7+ {[%emt 0:00:03]} Kh8 {[%emt 0:01:07]} 35. Rc8+ {[%emt 0:00:22]} Kh7 {[%emt 0:00:02]} 36. Nxf5 {[%emt 0:00:06]} Qb4+ {[%emt 0:00:41]} 37. Qc3 {[%emt 0:00:14]} 1-0

[Event "RUS-ch Rapid Men 2018"]
[Site "Sochi"]
[Date "2018.10.05"]
[Round "1"]
[White "Alekseenko, Kirill"]
[Black "Daurbekov, Murad"]
[Result "1-0"]
[WhiteElo "2639"]
[BlackElo "2063"]
[Annotator "TA"]
[PlyCount "41"]
[EventDate "2018.10.05"]
[EventType "swiss"]
[EventCountry "RUS"]
[SourceTitle "playchess.com"]
[Source "ChessBase"]
[SourceQuality "1"]

{[%evp 15,41,12,41,0,0,0,6,3,21,27,26,35,60,27,50,41,157,170,197,102,103,64,56,68,65,66,554,561]} 1. e4 e6 2. d4 d5 3. Nd2 c5 4. Ngf3 {[%cal Bg1f3,Bf3d4,Bd4b5,Bb5c3][%mdl 32]} cxd4 5. Nxd4 Nf6 6. exd5 Qxd5 7. Nb5 {C07: French Tarrasch: 3...c5, 4 Ngf3 and 4 exd5 Qxd5} Na6 8. Nc3 Qd8 {LiveBook: 60 Games} (8... Qd6 9. a3 Bd7 10. Nc4 Qxd1+ 11. Nxd1 Nc5 12. Nc3 Na4 13. Nxa4 Bxa4 14. b3 Bd7 {½-½ (62) Kovalev,V (2655)-Nisipeanu,L (2672) Dortmund 2018}) 9. Be2 {White is slightly better.} Be7 10. O-O O-O 11. Bf3 $146 ({Predecessor:} 11. Nc4 Qc7 12. Nb5 Qc6 13. Nd4 Qc7 14. c3 Rd8 {0-1 (50) Khorunzhy,M (2183)-Nizky,R ICCF email 2009}) 11... Nc5 12. Nc4 Bd7 13. Ne5 Be8 14. Bf4 {[%cal Bc1f4,Bf4d6,Bd6c5][%mdl 32]} Qc8 15. Qe2 $36 {[%mdl 2048] White fights for an advantage.} a6 {[#]} (15... Bc6 $14) 16. Nc4 $1 $16 Ra7 17. Rfd1 (17. Nd6 $18 Qb8 18. Qd2) 17... Bc6 18. Nd6 Bxd6 $1 19. Bxd6 {Black must now prevent Bxc6.} Bxf3 20. Qxf3 Rd8 $2 {[%mdl 8192] [#]} (20... Re8 $14) 21. Bxc5 $1 {Precision: White = 63%, Black = 16%.} 1-0

[Event "RUS-ch Rapid Men 2018"]
[Site "Sochi"]
[Date "2018.10.05"]
[Round "1"]
[White "Lysyj, Igor"]
[Black "Dolgov, Alexey S"]
[Result "1-0"]
[WhiteElo "2631"]
[BlackElo "2118"]
[Annotator "RC"]
[PlyCount "59"]
[EventDate "2018.10.05"]
[EventType "swiss"]
[EventCountry "RUS"]
[SourceTitle "playchess.com"]
[Source "ChessBase"]
[SourceQuality "1"]
[TimeControl "900+10"]

1. d4 {[%emt 0:00:00]} Nf6 {[%emt 0:00:00]} 2. c4 {[%emt 0:00:00]} g6 {[%emt 0:00:03]} 3. Nc3 {[%emt 0:00:00]} d5 {[%emt 0:00:06]} 4. cxd5 {[%emt 0:00:01]} Nxd5 {[%emt 0:00:05]} 5. e4 {[%emt 0:00:02]} Nxc3 {[%emt 0:00:11]} 6. bxc3 {[%emt 0:00:01]} c5 {[%emt 0:00:31]} 7. Bb5+ {[%emt 0:00:10]} Bd7 {[%emt 0:00:42]} 8. Be2 {[%emt 0:00:03]} Bg7 {[%emt 0:00:13]} 9. Nf3 {[%emt 0:00:02]} O-O {[%emt 0:00:14]} 10. O-O {[%emt 0:00:14]} cxd4 {[%emt 0:00:03]} 11. cxd4 {[%emt 0:00:02]} Bg4 {[%emt 0:00:13]} 12. Be3 {[%emt 0:00:11]} Nc6 {[%emt 0:00:12]} 13. d5 {[%emt 0:00:02]} Bxf3 {[%emt 0:00:53]} 14. Bxf3 {[%emt 0:00:26]} Ne5 {[%emt 0:00:31]} 15. Be2 {[%emt 0:00:14]} b6 {[%emt 0:00:18]} 16. Rc1 {[%emt 0:00:10]} Rc8 {[%emt 0:00:35]} 17. Qa4 {[%emt 0:00:52]} Rxc1 {[%emt 0:03:33]} 18. Rxc1 {[%emt 0:00:04]} a5 {[%emt 0:00:38]} 19. Qb5 {[%emt 0:01:02]} Nd7 {[%emt 0:00:29]} 20. Rc6 {[%emt 0:00:02]} f5 {[%emt 0:01:11]} 21. exf5 {[%emt 0:00:13]} gxf5 {[%emt 0:01:15]} 22. Bf4 {[%emt 0:00:12]} Nf6 {[%emt 0:00:40]} 23. Rxb6 {[%emt 0:00:26]} Kh8 {[%emt 0:00:36]} 24. Bf3 {[%emt 0:00:53]} Ne4 {[%emt 0:00:32]} 25. Bxe4 {[%emt 0:01:02]} fxe4 {[%emt 0:01:13]} 26. Rb8 {[%emt 0:00:02]} Qxb8 {[%emt 0:01:36]} 27. Bxb8 {[%emt 0:00:03]} Bd4 {[%emt 0:00:06]} 28. Bg3 {[%emt 0:00:09]} e3 {[%emt 0:00:02]} 29. Qc4 {[%emt 0:00:20]} exf2+ {[%emt 0:00:16]} 30. Kf1 {[%emt 0:00:02]} 1-0

[Event "RUS-ch Rapid Men 2018"]
[Site "Sochi"]
[Date "2018.10.05"]
[Round "1"]
[White "Paravyan, David"]
[Black "Shemyakin, Valeriy"]
[Result "1-0"]
[WhiteElo "2629"]
[BlackElo "2213"]
[Annotator "ChessBase"]
[PlyCount "103"]
[EventDate "2018.10.05"]
[EventType "swiss"]
[EventCountry "RUS"]
[SourceTitle "playchess.com"]
[Source "ChessBase"]
[SourceQuality "1"]
[TimeControl "900+10"]

1. d4 {[%emt 0:00:00]} Nf6 {[%emt 0:00:00]} 2. c4 {[%emt 0:00:00]} e6 {[%emt 0:00:00]} 3. g3 {[%emt 0:00:00]} Bb4+ {[%emt 0:00:00]} 4. Bd2 {[%emt 0:00:00]} Qe7 {[%emt 0:00:00]} 5. Bg2 {[%emt 0:00:01]} Nc6 {[%emt 0:00:00]} 6. e3 {[%emt 0:00:24]} O-O {[%emt 0:00:28]} 7. Nc3 {[%emt 0:00:01]} d6 {[%emt 0:01:09]} 8. Nge2 {[%emt 0:00:03]} Bd7 {[%emt 0:03:08]} 9. O-O {[%emt 0:00:07]} a5 {[%emt 0:01:24]} 10. b3 {[%emt 0:00:44]} Rab8 {[%emt 0:02:20]} 11. a3 {[%emt 0:00:02]} Bxc3 {[%emt 0:00:02]} 12. Nxc3 {[%emt 0:00:02]} Na7 {[%emt 0:00:30]} 13. d5 {[%emt 0:00:38]} e5 {[%emt 0:00:39]} 14. e4 {[%emt 0:00:14]} b5 {[%emt 0:00:30]} 15. Be3 {[%emt 0:00:02]} Nc8 {[%emt 0:00:46]} 16. cxb5 {[%emt 0:00:03]} Bxb5 {[%emt 0:00:02]} 17. Nxb5 {[%emt 0:00:01]} Rxb5 {[%emt 0:00:01]} 18. Qd3 {[%emt 0:00:17]} Rb7 {[%emt 0:00:53]} 19. Bd2 {[%emt 0:00:10]} Ra7 {[%emt 0:00:12]} 20. Rfc1 {[%emt 0:00:02]} Nb6 {[%emt 0:00:39]} 21. Rc6 {[%emt 0:00:06]} Nfd7 {[%emt 0:00:09]} 22. Rac1 {[%emt 0:00:11]} Nc5 {[%emt 0:00:04]} 23. Qc2 {[%emt 0:00:05]} a4 {[%emt 0:00:26]} 24. bxa4 {[%emt 0:00:25]} Nbxa4 {[%emt 0:00:26]} 25. h4 {[%emt 0:00:31]} Rb8 {[%emt 0:00:09]} 26. Bb4 {[%emt 0:00:01]} Raa8 {[%emt 0:01:40]} 27. Bh3 {[%emt 0:00:29]} Na6 {[%emt 0:00:46]} 28. Ba5 {[%emt 0:01:09]} N4c5 29. Bf1 {[%emt 0:01:08]} h6 {[%emt 0:00:51]} 30. Rb1 {[%emt 0:00:22]} Rxb1 {[%emt 0:00:17]} 31. Qxb1 {[%emt 0:00:01]} Ra7 {[%emt 0:01:05]} 32. Bxa6 {[%emt 0:02:09]} Nxa6 {[%emt 0:00:02]} 33. Qb5 Qd7 {[%emt 0:00:56]} 34. a4 {[%emt 0:00:22]} Qc8 {[%emt 0:00:06]} 35. Bb6 {[%emt 0:00:25]} Ra8 {[%emt 0:00:15]} 36. Qc4 {[%emt 0:00:06]} Qg4 {[%emt 0:00:26]} 37. Be3 {[%emt 0:00:50]} Nc5 {[%emt 0:00:32]} 38. Bxc5 {[%emt 0:00:09]} dxc5 {[%emt 0:00:01]} 39. Kg2 {[%emt 0:00:13]} Qd1 {[%emt 0:00:08]} 40. d6 {[%emt 0:05:18]} cxd6 {[%emt 0:00:09]} 41. Rc7 {[%emt 0:00:01]} d5 {[%emt 0:00:02]} 42. Qxc5 {[%emt 0:00:33]} dxe4 {[%emt 0:00:05]} 43. Rc8+ {[%emt 0:00:01]} Rxc8 {[%emt 0:00:09]} 44. Qxc8+ {[%emt 0:00:01]} Kh7 {[%emt 0:00:02]} 45. Qf5+ {[%emt 0:00:02]} Kg8 {[%emt 0:00:05]} 46. Qxe4 {[%emt 0:00:02]} Qd6 {[%emt 0:00:17]} 47. a5 {[%emt 0:00:09]} g6 {[%emt 0:00:10]} 48. Qb7 {[%emt 0:00:15]} e4 {[%emt 0:00:27]} 49. a6 {[%emt 0:00:31]} Qf6 {[%emt 0:00:21]} 50. a7 {[%emt 0:00:10]} Qf3+ {[%emt 0:00:02]} 51. Kg1 {[%emt 0:00:01]} Qd1+ {[%emt 0:00:01]} 52. Kh2 {[%emt 0:00:01]} 1-0

[Event "RUS-ch Rapid Men 2018"]
[Site "Sochi"]
[Date "2018.10.05"]
[Round "1"]
[White "Grachev, Boris"]
[Black "Gimadutdinov, Ilnur"]
[Result "1-0"]
[WhiteElo "2626"]
[BlackElo "2148"]
[Annotator "TA"]
[PlyCount "57"]
[EventDate "2018.10.05"]
[EventType "swiss"]
[EventCountry "RUS"]
[SourceTitle "playchess.com"]
[Source "ChessBase"]
[SourceQuality "1"]

{[%evp 12,56,-6,9,15,18,31,9,31,40,39,28,47,43,116,56,63,58,133,141,170,127,228,170,206,198,205,204,203,208,196,178,230,228,224,235,227,221,227,227,244,245,377,347,340,340,29999]} 1. d4 Nf6 2. Bf4 g6 3. Nc3 d5 4. Qd2 Bg7 5. Bh6 O-O 6. Bxg7 {D01: Veresov Opening} Kxg7 7. O-O-O {LiveBook: 21 Games} a6 $146 ({Predecessor:} 7... c5 8. e3 Nc6 9. dxc5 Be6 10. Bb5 Ne5 11. Qd4 Qc7 12. Nge2 Rac8 13. Nf4 {½-½ (78) Van Foreest,J (2612)-Grandelius,N (2642) Wijk aan Zee 2017}) 8. f3 {The position is equal.} b5 9. e4 b4 10. Nxd5 Nxd5 11. exd5 Qxd5 12. Qxb4 Nc6 (12... Qxa2 $14 13. d5 a5 14. Qc3+ Kg8) 13. Qc5 (13. Qc4 $16 Qd6 14. Qc3) 13... Qxc5 $14 14. dxc5 Be6 (14... Rd8 $14) 15. Ne2 a5 16. a3 a4 (16... Rad8 $16) 17. Nf4 Ra5 18. Nxe6+ fxe6 19. Rd7 Rc8 20. Bc4 Kf6 21. Re1 Ne5 (21... e5 $142 22. Kb1 Rxc5) 22. Rd4 $18 Rxc5 23. Ba2 g5 24. Re3 Ra8 25. h4 h6 26. f4 Nc6 (26... gxf4 $142 27. Rxf4+ Kg7 28. Bxe6 Ra6) 27. fxg5+ hxg5 28. Rxe6+ Kf5 $2 {[#]} (28... Kg7 $18) 29. g4# {Precision: White = 73%, Black = 19%.} 1-0

[Event "RUS-ch Rapid Men 2018"]
[Site "Sochi"]
[Date "2018.10.05"]
[Round "1"]
[White "Ponkratov, Pavel"]
[Black "Poliakov, Artem"]
[Result "1-0"]
[WhiteElo "2622"]
[BlackElo "2305"]
[Annotator "TA"]
[PlyCount "45"]
[EventDate "2018.10.05"]
[EventType "swiss"]
[EventCountry "RUS"]
[SourceTitle "playchess.com"]
[Source "ChessBase"]
[SourceQuality "1"]

{[%evp 11,45,77,71,51,80,62,191,188,210,219,270,273,281,182,195,182,206,207,188,98,212,209,207,215,461,290,530,468,807,801,887,874,1048,1039,976,1041]} 1. e4 d6 2. d4 Nf6 3. f3 g6 4. Be3 c6 5. Nc3 e5 6. Qd2 Nbd7 {LiveBook: 11 Games} 7. h4 {B07: Pirc Defence: Miscellaneous Systems} b5 8. g4 {[%cal Bg2g4,Bg4g5][%mdl 32]} h5 ({Black should try} 8... b4 $14) 9. g5 $18 {White is clearly better.} Nh7 $146 ({Predecessor:} 9... b4 10. Nce2 Nh7 11. f4 c5 12. dxe5 dxe5 13. Bh3 Nb6 14. Qxd8+ Kxd8 15. O-O-O+ {1-0 (40) Grosar,K (2223)-Klinova,M (2350) Istanbul 2000}) 10. d5 b4 11. dxc6 bxc3 12. cxd7+ Bxd7 13. Qxc3 Rc8 14. Qd2 Qc7 15. Ne2 (15. c4 $18) 15... d5 (15... Qxc2 $16 16. Nc3 (16. Bxa7 f6 $16) 16... Qxd2+ 17. Kxd2 f6) 16. exd5 Qxc2 17. Nc3 ({Don't play} 17. Bxa7 Qxd2+ 18. Kxd2 f6 $16) 17... Qf5 $2 (17... Qxd2+ {was necessary.} 18. Kxd2 f6) 18. f4 exf4 $2 (18... Bb4 19. Bh3 Bxc3 20. bxc3 Qe4) 19. Bd4 {[#] Hoping for Bh3.White is clearly winning.} Nxg5 (19... Qg4 $142 20. Bxh8 Qg3+ 21. Qf2 f6 22. Qxg3 fxg3 23. Bxf6 Nxf6 24. gxf6 Rb8) 20. hxg5 Rg8 21. Qe2+ Kd8 22. Bf6+ Kc7 23. Bh3 {Precision: White = 57%, Black = 13%.} 1-0

[Event "RUS-ch Rapid Men 2018"]
[Site "Sochi"]
[Date "2018.10.05"]
[Round "1"]
[White "Kryakvin, Dmitry"]
[Black "Kuzmin, Roman"]
[Result "1-0"]
[WhiteElo "2589"]
[BlackElo "2053"]
[Annotator "ChessBase"]
[PlyCount "51"]
[EventDate "2018.10.05"]
[EventType "swiss"]
[EventCountry "RUS"]
[SourceTitle "playchess.com"]
[Source "ChessBase"]
[SourceQuality "1"]
[TimeControl "900+10"]

1. d4 {[%emt 0:00:00]} Nf6 {[%emt 0:00:00]} 2. Bg5 {[%emt 0:00:00]} Ne4 {[%emt 0:00:00]} 3. Bf4 {[%emt 0:00:00]} d5 {[%emt 0:00:00]} 4. e3 {[%emt 0:00:00]} c5 {[%emt 0:00:36]} 5. Bd3 {[%emt 0:00:03]} cxd4 {[%emt 0:00:46]} 6. Bxe4 {[%emt 0:01:04]} dxe4 {[%emt 0:00:17]} 7. exd4 {[%emt 0:00:01]} Nc6 {[%emt 0:00:27]} 8. d5 {[%emt 0:01:46]} e5 {[%emt 0:00:21]} 9. Bg3 {[%emt 0:00:25]} Ne7 {[%emt 0:03:45]} 10. Nc3 {[%emt 0:00:36]} f6 {[%emt 0:00:31]} 11. Qe2 {[%emt 0:01:03]} Nf5 {[%emt 0:02:39]} 12. O-O-O {[%emt 0:01:40]} Nd4 {[%emt 0:00:56]} 13. Qc4 {[%emt 0:01:43]} Bg4 {[%emt 0:01:03]} 14. Rxd4 {[%emt 0:00:45]} Rc8 {[%emt 0:01:30]} 15. Rxe4 {[%emt 0:02:18]} Rxc4 {[%emt 0:00:07]} 16. Rxc4 {[%emt 0:00:01]} Bd7 {[%emt 0:00:15]} 17. f4 {[%emt 0:00:29]} Bd6 {[%emt 0:02:30]} 18. Ne4 {[%emt 0:01:22]} Bb8 {[%emt 0:00:14]} 19. fxe5 {[%emt 0:00:15]} fxe5 {[%emt 0:00:03]} 20. Nf3 {[%emt 0:00:22]} O-O {[%emt 0:00:07]} 21. Nxe5 {[%emt 0:00:26]} Bxe5 {[%emt 0:01:27]} 22. Bxe5 {[%emt 0:00:01]} Rf5 {[%emt 0:00:30]} 23. Bc7 {[%emt 0:00:26]} Qe7 {[%emt 0:00:16]} 24. Rd1 {[%emt 0:00:22]} b5 {[%emt 0:00:24]} 25. Rcd4 {[%emt 0:00:14]} Rf4 {[%emt 0:00:08]} 26. Bxf4 {[%emt 0:00:03]} 1-0